Understanding business (Record no. 1944)
[ view plain ]
| 000 -LEADER | |
|---|---|
| fixed length control field | 00637pam a2200205 a 4500 |
| 020 ## - INTERNATIONAL STANDARD BOOK NUMBER | |
| ISBN | 0256140545 |
| 020 ## - INTERNATIONAL STANDARD BOOK NUMBER | |
| ISBN | 0256190747 (annotated instructor's ed.) |
| 050 00 - CALL NUMBER | |
| Classification number | HD31 |
| Item number | N4897 |
| 100 1# - AUTHOR | |
| Personal name | Nickels, William G. |
| 245 10 - TITLE | |
| Title | Understanding business |
| Statement of responsibility, etc | William G. Nickels, James M. McHugh, Susan M. McHugh. |
| 250 ## - EDITION | |
| Edition statement | 4th ed. |
| 260 ## - PUBLICATION INFORMATION | |
| Place of publication | Chicago : |
| Name of publisher | Irwin, |
| Year of publication | 1996. |
| 300 ## - DESCRIPTION | |
| Number of Pages | 1 v. (various pagings) : |
| Other physical details | ill. (some col.), col. map ; |
| Dimensions | 29 cm. |
| 650 #0 - SUBJECTS | |
| Topical Term | Industrial management. |
| 650 #0 - SUBJECTS | |
| Topical Term | Business. |
| 650 #0 - SUBJECTS | |
| Topical Term | Business |
| General subdivision | Vocational guidance. |
| 700 1# - OTHER AUTHORS | |
| Personal name | McHugh, James M. |
| 700 1# - OTHER AUTHORS | |
| Personal name | McHugh, Susan M. |
| 942 ## - ADDED ENTRY ELEMENTS (KOHA) | |
| Koha item type | Books |
| Withdrawn status | Lost status | Home library | Current library | Date acquired | Full call number | Accession Number | Koha item type | Collection code | Shelving location |
|---|---|---|---|---|---|---|---|---|---|
| Methodist University Library Main | Methodist University Library Main | 24/08/2000 | HD31 N4897 | 25287 | Books | Fiction | General Stacks | ||
| Methodist University Library Main | Methodist University Library Main | 24/08/2000 | HD31 N4897 | 25291 | Books | Reference | General Stacks | ||
| Methodist University Library Main | Methodist University Library Main | 24/08/2000 | HD31 N4897 | 25289 | Books | Fiction | General Stacks | ||
| Methodist University Library Tema | Methodist University Library Tema | 25/07/2000 | HD31 N4897 | 22991 | Books | ||||
| Methodist University Library Tema | Methodist University Library Tema | 24/08/2000 | HD31 N4897 | 22992 | Books | ||||
| Methodist University Library Tema | Methodist University Library Tema | 24/08/2000 | HD31 N4897 | 22993 | Books | ||||
| Methodist University Library Wenchi Faculty | Methodist University Library Wenchi Faculty | 19/10/2021 | HD31 N4897 | 25290 | Books | ||||
| Methodist University Library Wenchi Faculty | Methodist University Library Wenchi Faculty | 19/10/2021 | HD31 N4897 | 7337 | Books | ||||
| Methodist University Library Wenchi Faculty | Methodist University Library Wenchi Faculty | 19/10/2021 | HD31 N4897 | 25288 | Books |